LEADER 00451nab a2200145 i 4500 001 000000284405 003 CaOOAMICUS 005 20180831165254.0 008 180831n xx uu u0 0und r 013 $a37707 040 $aSeMil$bita 245 10$a[SENZA TITOLO]. 500 $aMarzo 1943, Anno 12. 773 0 $t1943 : gennaio-dicembre.$dTorino : Ufficio Catechistico Centrale Salesiano, 1943.$w()239007 996 $6245$a[SENZA TITOLO]$9(OLS)http://semarc/title/354609 LEADER 00528naa a2200157 i 4500 001 000000320370 003 CaOOAMICUS 005 20180831173325.0 008 180831n it u000 u ita u 013 $a30475 040 $aSeMil$bita 245 10$aElementi di morale politica. 650 4$aEtica e politica.$0(OLS)http://semarc/subject/6063 650 4$aEtica politica.$0(OLS)http://semarc/subject/6381 773 0 $t2.$kMultiformis sapientia$gp.2030-2068$w()69096 996 $6245$aElementi di morale politica$9(OLS)http://semarc/title/394030